|
|
|
|
| LEADER |
01432nam a2200361 a 4500 |
| 001 |
28756 |
| 003 |
BD-DhAAL |
| 005 |
20150113114903.0 |
| 008 |
150113s2008 ii b 001 0 eng |
| 010 |
|
|
|a 2009313068
|
| 020 |
|
|
|a 9788172237479
|
| 020 |
|
|
|a 9788172237271
|
| 025 |
|
|
|a I-E-2009-313068; 05
|
| 035 |
|
|
|a (IN-NdUBS)UBS08003551
|
| 037 |
|
|
|b Library of Congress -- New Delhi Overseas Office
|c Rs250.00
|
| 040 |
|
|
|a DLC
|c DLC
|d DLC
|d BD-DhAAL
|
| 042 |
|
|
|a lcode
|
| 043 |
|
|
|a a-ii---
|
| 050 |
0 |
0 |
|a BL625.6
|b .N38 2008
|
| 082 |
|
|
|2 23
|a 954.0072
|
| 100 |
0 |
|
|a Mahapragya,
|c Acharya,
|d 1920-2010.
|9 7366
|
| 245 |
1 |
4 |
|a The family and the nation /
|c Acharya Mahapragya, A.P.J. Abdul Kalam.
|
| 260 |
|
|
|a Noida :
|b Harper Collins Publishers India, a joint venture with India Today Group, New Delhi,
|c 2008.
|
| 300 |
|
|
|a xi, 211 p. ;
|c 22 cm.
|
| 541 |
|
|
|e 28756
|
| 650 |
|
0 |
|a Families
|x Religious life
|z India.
|9 7367
|
| 650 |
|
0 |
|a Values
|z India.
|9 7368
|
| 651 |
|
0 |
|a India
|x Civilization.
|9 7369
|
| 700 |
1 |
|
|a Abdul Kalam, A. P. J.
|q (Avul Pakir Jainulabdeen),
|d 1931-
|9 7351
|
| 942 |
|
|
|2 ddc
|c BK
|
| 999 |
|
|
|c 33471
|d 33471
|
| 952 |
|
|
|0 0
|1 0
|2 ddc
|4 0
|6 954_007200000000000_MAH
|7 0
|9 44736
|a BRACUL
|b BRACUL
|c GEN
|d 2015-01-13
|l 0
|o 954.0072 MAH
|p 3010028756
|r 2015-01-13
|t 1
|w 2015-01-13
|y BK
|
| 952 |
|
|
|0 0
|1 0
|2 ddc
|4 0
|6 954_007200000000000_MAH
|7 0
|9 44737
|a BRACUL
|b BRACUL
|c GEN
|d 2015-01-13
|l 0
|o 954.0072 MAH
|p 3010028757
|r 2015-01-13
|t 2
|w 2015-01-13
|y BK
|